Применение высокого постоянного напряжения для синтеза озона; Электротехника, электромеханика и электротехнологии

Bibliographische Detailangaben
Parent link:Электротехника, электромеханика и электротехнологии.— 2002.— С. 28-30.
1. Verfasser: Григорьев А. Н.
Weitere Verfasser: Кривоносенко Д. А. (научный руководитель), Дедков В. С.
Sprache:Russisch
Veröffentlicht: 2002
Schlagworte:
Format: Buchkapitel
KOHA link:https://koha.lib.tpu.ru/cgi-bin/koha/opac-detail.pl?biblionumber=90866

MARC

LEADER 00000naa2a2200000 4500
001 90866
005 20231031103739.0
035 |a (RuTPU)RU\TPU\book\97425 
090 |a 90866 
100 |a 20060215d2002 k y0rusy50 ca 
101 0 |a rus 
102 |a RU 
200 1 |a Применение высокого постоянного напряжения для синтеза озона  |f А. Н. Григорьев, Д. А. Кривоносенко  |g науч. рук. В. С. Дедков 
463 0 |0 (RuTPU)RU\TPU\book\68512  |t Электротехника, электромеханика и электротехнологии  |o Труды Второй региональной научно-практической студенческой конференции, Томск, 4-7 июня 2002 г.  |f Томский политехнический университет; Электротехнический институт  |v С. 28-30.  |d 2002  |p 146 с. 
610 1 |a озон 
610 1 |a синтез озона 
610 1 |a постоянное напряжение 
610 1 |a вода 
610 1 |a очистка 
610 1 |a озонирование 
610 1 |a электрические разряды 
610 1 |a труды учёных ТПУ 
700 1 |a Григорьев  |b А. Н. 
701 1 |a Кривоносенко  |b Д. А. 
702 1 |a Дедков  |b В. С.  |4 727 
801 1 |a RU  |b 63413507  |c 20060215  |g PSBO 
801 2 |a RU  |b 63413507  |c 20090728  |g PSBO 
942 |c BK